Los principios de la ayuda al desarrollo / (Record no. 78695)

MARC details
000 -LEADER
campo de control de longitud fija 00793nam a2200217 i 4500
001 - NÚMERO DE CONTROL
campo de control 78695
003 - IDENTIFICADOR DE NÚMERO DE CONTROL
campo de control ES-MaACL
005 - FECHA Y HORA DE LA ÚLTIMA TRANSACCIÓN
campo de control 20230906173803.0
007 - CAMPO FIJO DE DESCRIPCIÓN FÍSICA--INFORMACIÓN GENERAL
campo de control de longitud fija t|
008 - DATOS DE LONGITUD FIJA--INFORMACIÓN GENERAL
campo de control de longitud fija 041015s1974 sp ||||1| spa d
100 1# - ENTRADA PRINCIPAL--NOMBRE DE PERSONA
Nombre de persona Hawkins, E. K.
9 (RLIN) 62167
245 14 - MENCIÓN DEL TÍTULO
Título Los principios de la ayuda al desarrollo /
Mención de responsabilidad, etc. E.K. Hawkins ; versión de Miguel Paredes.
260 ## - PUBLICACIÓN, DISTRIBUCIÓN, ETC.
Lugar de publicación, distribución, etc. [Madrid] :
Nombre del editor, distribuidor, etc. Alianza Editorial,
Fecha de publicación, distribución, etc. [1974]
300 ## - DESCRIPCIÓN FÍSICA
Extensión 155 p. ;
Dimensiones 20 cm.
490 1# - MENCIÓN DE SERIE
Mención de serie Secciones del curso de economía moderna ;
Designación de volumen o secuencia 2. Economía del desarrollo ;
-- 95
650 #4 - PUNTO DE ACCESO ADICIONAL DE MATERIA--TÉRMINO DE MATERIA
Término de materia o nombre geográfico como elemento de entrada Ayuda económica.
9 (RLIN) 137664
700 1# - ENTRADA AGREGADA--NOMBRE PERSONAL
Nombre de persona Paredes Marcos, Miguel,
Fechas asociadas al nombre 1910-1976
9 (RLIN) 89053
830 1# - PUNTO DE ACCESO ADICIONAL DE SERIE-TÍTULO UNIFORME
Título uniforme Secciones del curso de economía moderna ;
Designación de volumen o secuencia 2. Economía del desarrollo ;
-- 95
9 (RLIN) 183604
852 ## - LOCALIZACIÓN
Ubicación ES-MaACL
Número de control de estantería E-6119
Holdings
Estatus retirado Estado de pérdida Estado de daño No para préstamo Biblioteca de origen Biblioteca actual Ubicación en estantería Fecha de adquisición Fuente de adquisición Total de préstamos Signatura topográfica completa Código de barras Visto por última vez Precio de reemplazo Tipo de ítem Koha
        Biblioteca del Ateneo de Madrid Biblioteca del Ateneo de Madrid Depósito 2 17/01/2008     E-6119 1082306 23/02/2023 23/02/2023 Libro impreso